Development of a PCR assay to detect Fusarium poae in wheat (Record no. 56971)

MARC details
000 -LEADER
fixed length control field 00391nam a2200157Ia 4500
100 ## - MAIN ENTRY--AUTHOR NAME
Personal name Parry D W
245 #0 - TITLE STATEMENT
Title Development of a PCR assay to detect Fusarium poae in wheat
260 ## - PUBLICATION, DISTRIBUTION, ETC. (IMPRINT)
Name of publisher Plant Pathology
Year of publication 1996
300 ## - PHYSICAL DESCRIPTION
Number of Pages 383-391
650 ## - SUBJECT ADDED ENTRY--TOPICAL TERM
Topical Term Fusarium poae
650 ## - SUBJECT ADDED ENTRY--TOPICAL TERM
Topical Term PCR
650 ## - SUBJECT ADDED ENTRY--TOPICAL TERM
Topical Term Wheat
700 ## - ADDED ENTRY--PERSONAL NAME
Personal name Nicholson P
942 ## - ADDED ENTRY ELEMENTS (KOHA)
Koha item type Journals
Holdings
Withdrawn status Lost status Damaged status Not for loan Home library Current library Shelving location Date acquired Serial Enumeration / chronology Koha item type
      Journals RRII Library RRII Library PCR 17/12/2021 Volume 45, Issue 2 Journals